INTERGOVERNMENTAL Panel on Climate Change Climate Change 2014:mitigation of climate change: Working Group III contribution to the fifth assessment report of the Intergovernmental Panel on Climate Change

Saved in:
Bibliographic Details
Format: Book
Language:English
Published: Cambridge University Press 2014
Tags: Add Tag
No Tags, Be the first to tag this record!

MARC

LEADER 00000nam a22000007a 4500
008 201215b ||||| |||| 00| 0 eng d
020 |a 978-1-107-05821-7 
245 |a INTERGOVERNMENTAL Panel on Climate Change Climate  |b Change 2014:mitigation of climate change: Working Group III contribution to the fifth assessment report of the Intergovernmental Panel on Climate Change  |c edited by Ottmar Edenhofer …[et al.]  |g xv, 1435p., ill.  
250 |c Edenhofer, Ottmar 
260 |b Cambridge University Press  |c 2014  |h New York  |i  685775  |l QC903 .In8  |m Climatic changes  |m Climatic change mitigation.  |m Climatic changes – Government policy  |m Global environmental change  |m Climatic changes – International cooperation 
500 |a “It includes references and index”. 
942 |a lcc  |c BK  |e O.A.JOHNSON  |f 15/12/20 
952 |0 0  |1 0  |2 lcc  |4 0  |7 0  |9 493  |a HOL  |b HOL  |c QZ  |d 2020-12-15  |p 2020-2221  |r 2020-12-15 00:00:00  |w 2020-12-15  |y BK 
999 |c 256  |d 256